[Event "20e tournoi de NoÃ«l"]
[Site "Montigny le Bretonneux"]
[Date "2019.12.29"]
[Round "6.5"]
[White "Surugue, Philippe"]
[Black "Sondermeijer, Damien"]
[Result "0-1"]
[WhiteElo "1867"]
[BlackElo "1503"]
[Annotator "Rivier,Sylvain"]
[PlyCount "54"]
[EventDate "2019.??.??"]

{Partie du pion dame, variante Tartacover} 1. d4 d5 2. Nf3 e6 3. Bg5 Nf6 4. e3
c5 5. c3 Nc6 6. Bd3 Be7 7. Nbd2 cxd4 8. exd4 O-O 9. O-O Bd7 10. Rc1 Ne8 11. Bf4
Bd6 12. Bxd6 Nxd6 13. h4 f6 14. Re1 e5 15. dxe5 Nxe5 16. Bb1 Bc6 17. Rxe5 fxe5
18. Bxh7+ Kxh7 19. Ng5+ Kh6 20. Ndf3 Qf6 21. Qd2 Qf4 22. Qc2 Ne4 23. g3 Qf5 24.
Re1 Nxg5 25. hxg5+ Kh7 26. g6+ Kh8 27. Rxe5 Qxc2 0-1

[Event "20e tournoi de NoÃ«l"]
[Site "Montigny le Bretonneux"]
[Date "2019.12.29"]
[Round "6.6"]
[White "Sondermeijer, Antoine"]
[Black "Benbakir, Chouaib"]
[Result "0-1"]
[WhiteElo "1482"]
[BlackElo "1864"]
[Annotator "Rivier,Sylvain"]
[PlyCount "70"]
[EventDate "2019.??.??"]

{DÃ©fense Pirc, attaque autrichienne} 1. e4 d6 2. d4 Nf6 3. Nc3 g6 4. f4 Bg7 5.
Nf3 O-O 6. Bc4 c6 7. h3 b5 8. Bd3 Bb7 9. e5 Nfd7 10. Be3 b4 11. Ne4 Qc7 12. g4
c5 13. c3 bxc3 14. bxc3 dxe5 15. fxe5 c4 16. Bc2 Nb6 17. O-O Nc6 18. Nc5 Bc8
19. Qd2 Nd7 20. Ne4 Bb7 21. Bh6 Rad8 22. Bxg7 Kxg7 23. Qh2 Nb6 24. Rf2 Nd5 25.
Re1 Qa5 26. Nc5 Bc8 27. Be4 Qxc3 28. Rc2 Qb4 29. Rec1 c3 30. Qf2 Nf4 31. Qh2
Nxd4 32. Nd3 Nxf3+ 33. Bxf3 Rxd3 34. Bg2 Nxg2 35. Rxg2 Qd4+ 0-1

[Event "20e tournoi de NoÃ«l"]
[Site "Montigny le Bretonneux"]
[Date "2019.12.29"]
[Round "6.7"]
[White "Claisse, Patrick"]
[Black "Fayolle, Guy"]
[Result "1/2-1/2"]
[WhiteElo "1742"]
[BlackElo "1676"]
[Annotator "Rivier,Sylvain"]
[PlyCount "35"]
[EventDate "2019.??.??"]

{Partie espagnole, variante Averbach} 1. e4 e5 2. Nf3 Nc6 3. Bb5 a6 4. Ba4 Nf6
5. O-O d6 6. Re1 Bg4 7. c3 Be7 8. d3 O-O 9. Nbd2 Nd7 10. Nf1 b5 11. Bc2 f5 12.
Bb3+ Kh8 13. Be6 Bxf3 14. Qxf3 fxe4 15. Qxe4 Nc5 16. Qd5 Nxe6 17. Qxe6 Qc8 18.
Qxc8 1/2-1/2

[Event "20e tournoi de NoÃ«l"]
[Site "Montigny le Bretonneux"]
[Date "2019.12.29"]
[Round "6.8"]
[White "Duget, Long Jc"]
[Black "Sanchez-Narboni, Quentin"]
[Result "1/2-1/2"]
[WhiteElo "1733"]
[BlackElo "1352"]
[Annotator "Rivier,Sylvain"]
[PlyCount "44"]
[EventDate "2019.??.??"]

{DÃ©fense franÃ§aise, variante Rubinstein} 1. e4 e6 2. d4 d5 3. Nd2 dxe4 4.
Nxe4 Nd7 5. Nf3 Ngf6 6. Nxf6+ Nxf6 7. Bd3 h6 8. O-O Bd6 9. Ne5 O-O 10. Qe2 b6
11. Bd2 Bb7 12. Rad1 a6 13. c3 Qe7 14. f4 Rfd8 15. Be1 Nd5 16. Bd2 c5 17. Bb1
Rac8 18. Qg4 cxd4 19. cxd4 Nf6 20. Qe2 Bb4 21. Be3 Nd5 22. Qd3 Nf6 1/2-1/2

[Event "20e tournoi de NoÃ«l"]
[Site "Montigny le Bretonneux"]
[Date "2019.12.29"]
[Round "6.9"]
[White "De Lagontrie, Jean"]
[Black "Mongey, Alain"]
[Result "1/2-1/2"]
[WhiteElo "1699"]
[BlackElo "1589"]
[Annotator "Rivier,Sylvain"]
[PlyCount "49"]
[EventDate "2019.??.??"]

{Gambit dame} 1. d4 d5 2. c4 Nf6 3. cxd5 Nxd5 4. e4 Nb6 5. Nc3 e6 6. Nf3 Be7 7.
Bd3 N8d7 8. O-O O-O 9. Qe2 c6 10. e5 Nd5 11. Qe4 f5 12. exf6 N7xf6 13. Qe2 Bd6
14. Bd2 Qc7 15. h3 Bf4 16. Ne5 Bxd2 17. Qxd2 Nd7 18. f4 Nxe5 19. fxe5 Bd7 20.
Ne4 Rxf1+ 21. Rxf1 Rf8 22. Rxf8+ Kxf8 23. Kf2 Kg8 24. Ng5 Qd8 25. Bxh7+ 1/2-1/2

[Event "20e tournoi de NoÃ«l"]
[Site "Montigny le Bretonneux"]
[Date "2019.12.29"]
[Round "6.10"]
[White "Fruchard, Alois"]
[Black "Longbien, Dominique"]
[Result "1-0"]
[WhiteElo "1404"]
[BlackElo "1413"]
[Annotator "Rivier,Sylvain"]
[PlyCount "89"]
[EventDate "2019.??.??"]

{Gambit dame acceptÃ©} 1. d4 d5 2. c4 dxc4 3. Nf3 e6 4. e3 c5 5. Bxc4 cxd4 6.
exd4 Nf6 7. Nc3 Bb4 8. O-O O-O 9. Bg5 Nbd7 10. Qc2 Re8 11. Rad1 Qc7 12. Qb3
Bxc3 13. bxc3 h6 14. Bh4 Nh5 15. d5 Nc5 16. d6 Qb6 17. Qxb6 axb6 18. Ne5 Nd7
19. Bb5 Nxe5 20. Bxe8 Bd7 21. Bxd7 Nxd7 22. Rd4 Rxa2 23. Rfd1 g5 24. Bg3 Ra5
25. Rc4 f5 26. Rc7 Nhf6 27. f4 Ra8 28. fxg5 hxg5 29. Rxb7 Rd8 30. Ra1 Ne4 31.
Raa7 Ndc5 32. Rxb6 f4 33. Bf2 Nxd6 34. Bxc5 Nc8 35. Rb8 Rd1+ 36. Kf2 Rd2+ 37.
Ke1 Rd8 38. Rc7 Re8 39. Rcxc8 Rxc8 40. Rxc8+ Kf7 41. Rf8+ Kg6 42. Bd4 Kh5 43.
Re8 Kg4 44. Rxe6 Kf5 45. Re8 1-0

[Event "20e tournoi de NoÃ«l"]
[Site "Montigny le Bretonneux"]
[Date "2019.12.29"]
[Round "6.11"]
[White "Benbakir, Ameur"]
[Black "Vadillo, Torre Ismael"]
[Result "1/2-1/2"]
[WhiteElo "1592"]
[BlackElo "1633"]
[Annotator "Rivier,Sylvain"]
[PlyCount "30"]
[EventDate "2019.??.??"]

{Partie italienne, guiocco piano} 1. e4 e5 2. Nf3 Nc6 3. Bc4 Bc5 4. c3 Qf6 5.
b4 Bb6 6. a4 a5 7. b5 Nd8 8. d4 exd4 9. cxd4 Ne6 10. e5 Qg6 11. O-O Nh6 12. Ba3
Nf4 13. g3 Qg4 14. Nh4 Nh3+ 15. Kg2 Nf4+ 1/2-1/2

[Event "20e tournoi de Noël"]
[Site "Montigny le Bretonneux"]
[Date "2019.12.29"]
[Round "6.13"]
[White "Quenehen, Nassim"]
[Black "Saint-Leger, Stephane"]
[Result "0-1"]
[WhiteElo "1261"]
[BlackElo "1610"]
[Annotator "Rivier,Sylvain"]
[PlyCount "168"]
[EventDate "2019.??.??"]

{Défense Nimzo-indienne, variante classique} 1. d4 Nf6 2. c4 e6 3. Nc3 Bb4 4.
Qc2 O-O 5. Nf3 c5 6. e3 cxd4 7. Nxd4 d5 8. cxd5 Nxd5 9. Bd2 a6 10. Nxd5 Bxd2+
11. Qxd2 Qxd5 12. Nf3 Qxd2+ 13. Nxd2 Nc6 14. Be2 Rd8 15. Nf3 b5 16. O-O Bb7 17.
Rad1 h6 18. a3 Ne7 19. Rxd8+ Rxd8 20. Rd1 Rd5 21. b4 Rxd1+ 22. Bxd1 Nd5 23. Bb3
Nc3 24. Ne1 Nb1 25. a4 Bc6 26. a5 g5 27. Nd3 Bb7 28. Nc5 Bc8 29. Bc2 Nc3 30.
Bd3 Nd5 31. Ne4 Nxb4 32. Nd6 Nxd3 33. Nxc8 b4 34. Nb6 b3 35. Nc4 b2 36. Nd2 Nc1
37. Kf1 Na2 38. Nb1 Nb4 39. Ke1 Kf8 40. Kd2 Ke7 41. Kc3 Nc6 42. Kxb2 Nxa5 43.
Ka3 Nc6 44. Nc3 f5 45. Ne2 e5 46. g3 g4 47. Nc3 Kd6 48. e4 f4 49. gxf4 exf4 50.
Nd5 Ke5 51. Nc3 h5 52. Nd5 h4 53. Nc3 g3 54. fxg3 fxg3 55. hxg3 hxg3 56. Ne2 g2
57. Ng1 Kxe4 58. Ka4 Kd4 59. Ka3 Kc5 60. Ka4 Kc4 61. Ka3 Kb5 62. Kb3 a5 63. Ka3
a4 64. Nf3 Na5 65. Ng1 Nc4+ 66. Ka2 Kb4 67. Nf3 a3 68. Ng1 Nd2 69. Ka1 Kb3 70.
Ne2 Nf3 71. Kb1 g1=Q+ 72. Nxg1 Nxg1 73. Ka1 Ne2 74. Kb1 Nd4 75. Ka1 Nc2+ 76.
Kb1 a2+ 77. Kc1 a1=Q+ 78. Kd2 Qd4+ 79. Ke2 Qe3+ 80. Kf1 Nd4 81. Kg2 Nf5 82. Kh1
Qe2 83. Kg1 Ne3 84. Kh1 Qg2# 0-1

[Event "20e tournoi de NoÃ«l"]
[Site "Montigny le Bretonneux"]
[Date "2019.12.29"]
[Round "6.14"]
[White "Faris, Marouane"]
[Black "Vo, Bao Nam"]
[Result "1-0"]
[WhiteElo "1563"]
[BlackElo "1226"]
[Annotator "Rivier,Sylvain"]
[PlyCount "79"]
[EventDate "2019.??.??"]

{Partie italienne, guiocco piano} 1. e4 e5 2. Nf3 Nc6 3. Bc4 Nf6 4. d3 Bc5 5.
c3 d6 6. O-O O-O 7. a4 a5 8. Nbd2 Be6 9. Re1 Qd7 10. Bb5 Bg4 11. Nf1 Bxf3 12.
Qxf3 Qg4 13. Qxg4 Nxg4 14. Ne3 Nxe3 15. Bxe3 Bxe3 16. fxe3 Ne7 17. d4 c6 18.
Bd3 Rfe8 19. Re2 Kh8 20. Rf1 f6 21. Kf2 Rf8 22. Ke1 Ng6 23. Ref2 Rae8 24. Bc2
exd4 25. exd4 d5 26. e5 fxe5 27. Bxg6 Rxf2 28. Bxe8 Rxf1+ 29. Kxf1 exd4 30.
cxd4 g6 31. Bd7 Kg7 32. Bc8 b6 33. Bb7 c5 34. dxc5 bxc5 35. Bxd5 Kf6 36. Ke2
Ke5 37. Bg8 h6 38. Kd3 g5 39. Kc4 Kd6 40. Kb5 1-0

[Event "20e tournoi de NoÃ«l"]
[Site "Montigny le Bretonneux"]
[Date "2019.12.29"]
[Round "6.15"]
[White "Montay, Jean-Paul"]
[Black "Beduoglu, Cassandra"]
[Result "1/2-1/2"]
[WhiteElo "1298"]
[BlackElo "1130"]
[Annotator "Rivier,Sylvain"]
[PlyCount "79"]
[EventDate "2019.??.??"]

{DÃ©fense Pirc} 1. e4 e5 2. Nf3 Nf6 3. d3 Nc6 4. Be2 g6 5. O-O Bg7 6. Bg5 O-O
7. Nc3 d6 8. h3 Be6 9. Qd2 Qe7 10. Bh6 Nh5 11. Bxg7 Kxg7 12. Ng5 Nf4 13. Nxe6+
Qxe6 14. Bg4 Qf6 15. g3 Ne6 16. Nd5 Qg5 17. f4 exf4 18. Nxf4 Nxf4 19. Qxf4 Qxf4
20. Rxf4 Nd4 21. c3 Nc6 22. d4 Ne7 23. Kg2 h6 24. Rf2 d5 25. exd5 Nxd5 26. Re1
Rae8 27. Rfe2 Rxe2+ 28. Rxe2 h5 29. Bf3 Rd8 30. Bxd5 Rxd5 31. Re7 Rb5 32. b3 c5
33. dxc5 Rxc5 34. c4 b5 35. Rxa7 bxc4 36. bxc4 Rxc4 37. a4 Rc2+ 38. Kf3 Ra2 39.
a5 Ra3+ 40. Kf4 1/2-1/2

[Event "20e tournoi de NoÃ«l"]
[Site "Montigny le Bretonneux"]
[Date "2019.12.29"]
[Round "6.16"]
[White "Payot, Guillaume"]
[Black "Chaintreau, Maxime"]
[Result "1-0"]
[WhiteElo "1273"]
[BlackElo "1259"]
[Annotator "Rivier,Sylvain"]
[PlyCount "41"]
[EventDate "2019.??.??"]

{Gambit dame, dÃ©fense orthodoxe} 1. d4 d5 2. c4 c6 3. Nf3 Nf6 4. Nc3 e6 5. Bg5
Nbd7 6. e3 Be7 7. Bd3 h6 8. Bh4 O-O 9. O-O Bd6 10. c5 Bc7 11. e4 dxe4 12. Nxe4
Qe7 13. Bc2 e5 14. Qd3 g6 15. Rfe1 Qe6 16. dxe5 Nxe4 17. Qxe4 Re8 18. Bb3 Nxc5
19. Bxe6 Nxe4 20. Bxc8 Nxf2 21. Bxb7 1-0

[Event "20e tournoi de NoÃ«l"]
[Site "Montigny le Bretonneux"]
[Date "2019.12.29"]
[Round "6.17"]
[White "Ries, Antoine"]
[Black "Trimbitasu, Elyas"]
[Result "1/2-1/2"]
[WhiteElo "1313"]
[BlackElo "1150"]
[Annotator "Rivier,Sylvain"]
[PlyCount "60"]
[EventDate "2019.??.??"]

{DÃ©fense Petroff} 1. e4 e5 2. Nf3 Nc6 3. Nc3 Bb4 4. Be2 Nf6 5. d3 d5 6. O-O
Bxc3 7. bxc3 dxe4 8. dxe4 Qxd1 9. Rxd1 Nxe4 10. Bb2 Bg4 11. Bb5 Nd6 12. Bxc6+
bxc6 13. Ba3 Bxf3 14. gxf3 Rd8 15. Re1 f6 16. f4 Nc4 17. Bc5 a5 18. fxe5 fxe5
19. Re4 Nd2 20. Rxe5+ Kd7 21. Re7+ Kc8 22. Kg2 g6 23. Rae1 Nc4 24. Bd4 Rhf8 25.
Rxh7 Nd6 26. Ree7 Nb5 27. c4 Nxd4 28. Rxc7+ Kb8 29. Rb7+ Ka8 30. Ra7+ Kb8
1/2-1/2

[Event "20e tournoi de NoÃ«l"]
[Site "Montigny le Bretonneux"]
[Date "2019.12.29"]
[Round "6.18"]
[White "Boucher, Francis"]
[Black "Tanchoux, Pierre"]
[Result "0-1"]
[WhiteElo "1100"]
[BlackElo "1322"]
[Annotator "Rivier,Sylvain"]
[PlyCount "110"]
[EventDate "2019.??.??"]

{Gambit dame, dÃ©fense Tchigorine} 1. d4 d5 2. c4 Nf6 3. Nc3 e6 4. Nf3 Nc6 5.
Bf4 Bd6 6. Bxd6 cxd6 7. e3 O-O 8. Be2 dxc4 9. Bxc4 d5 10. Bb3 Bd7 11. O-O a6
12. Rc1 Qe7 13. Re1 b5 14. a3 Rfc8 15. Bc2 Rab8 16. Rb1 b4 17. axb4 Nxb4 18.
Bb3 Rb6 19. Ne5 Rcb8 20. Nxd7 Qxd7 21. Ba4 Qd6 22. Re2 h5 23. h3 g5 24. f3 g4
25. f4 Kh8 26. g3 Rg8 27. Rh2 Rg7 28. Qe2 Kg8 29. e4 dxe4 30. Rd1 Nd3 31. Nxe4
Qxd4+ 32. Kf1 Qxe4 33. Qxe4 Nxe4 34. Rxd3 Nc5 35. Rd4 f6 36. hxg4 hxg4 37. Rd8+
Kf7 38. Be8+ Ke7 39. Ra8 Kd6 40. Rd2+ Kc7 41. Ra7+ Rb7 42. Ra8 Rh7 43. b4 Ne4
44. Rd3 Rh3 45. Kg2 Rxb4 46. Rxa6 Rb2+ 47. Kg1 Rxg3+ 48. Kf1 Rxd3 49. Ke1 Re3+
50. Kd1 Rf3 51. Kc1 Rh2 52. Rc6+ Kd8 53. Rc2 Rf1+ 54. Kb2 Rxc2+ 55. Kxc2 Kxe8
0-1

[Event "20e tournoi de NoÃ«l"]
[Site "Montigny le Bretonneux"]
[Date "2019.12.29"]
[Round "6.19"]
[White "Rafalimanana, Hary"]
[Black "Delmas, Enzo"]
[Result "1-0"]
[WhiteElo "1210"]
[BlackElo "1070"]
[Annotator "Rivier,Sylvain"]
[PlyCount "78"]
[EventDate "2019.??.??"]

{Partie du pion dame} 1. d4 d5 2. Nf3 Nc6 3. Bf4 Nf6 4. e3 Bf5 5. a3 e6 6. Bd3
Bd6 7. Ne5 O-O 8. Nc3 Ne4 9. Nxe4 dxe4 10. Be2 Nxe5 11. dxe5 Be7 12. Qd4 c5 13.
Qxd8 Rfxd8 14. h4 h6 15. g4 Bh7 16. g5 h5 17. Bxh5 g6 18. Be2 Rd7 19. Bb5 Rd5
20. Ke2 Rad8 21. Rad1 Rxd1 22. Rxd1 Rxd1 23. Kxd1 Kg7 24. Kd2 Kf8 25. Kc3 Bd8
26. b4 cxb4+ 27. Kxb4 b6 28. Bc6 a5+ 29. Kb5 Ke7 30. Bxe4 Kd7 31. Bg3 Kc7 32.
Bd3 Be7 33. a4 Kb7 34. f4 Bd8 35. h5 f5 36. gxf6 Bg8 37. hxg6 Kc7 38. f7 Bxf7
39. gxf7 Be7 {suite illisible} 1-0

[Event "20e tournoi de Noël"]
[Site "Montigny le Bretonneux"]
[Date "2019.12.30"]
[Round "7.1"]
[White "Drouot, Frederic"]
[Black "Fruchard, Cyrille"]
[Result "1/2-1/2"]
[WhiteElo "1976"]
[BlackElo "2283"]
[Annotator "Rivier,Sylvain"]
[PlyCount "26"]
[EventDate "2019.??.??"]

{Défense est-indienne} 1. c4 Nf6 2. Nc3 g6 3. g3 Bg7 4. Bg2 O-O 5. d4 d6 6. e4
Nc6 7. Nge2 e5 8. d5 Nd4 9. O-O c5 10. dxc6 Nxe2+ 11. Qxe2 bxc6 12. Rd1 Qc7 13.
Rd3 Bg4 1/2-1/2

[Event "20e tournoi de Noël"]
[Site "Montigny le Bretonneux"]
[Date "2019.12.30"]
[Round "7.2"]
[White "Larcheveque, Francois"]
[Black "Appavou, Calixte"]
[Result "1/2-1/2"]
[WhiteElo "1985"]
[BlackElo "1734"]
[Annotator "Rivier,Sylvain"]
[PlyCount "55"]
[EventDate "2019.??.??"]

{Gambit dame, défense slave} 1. d4 d5 2. c4 c6 3. cxd5 cxd5 4. Bf4 Nc6 5. e3
Bf5 6. Nc3 e6 7. Qb3 Bb4 8. Nf3 Nge7 9. Be2 O-O 10. O-O Bxc3 11. Qxc3 Qb6 12.
Rfc1 Rac8 13. Qb3 Qxb3 14. axb3 a6 15. Rc3 Rfe8 16. Rac1 Nb4 17. Rxc8 Rxc8 18.
Rxc8+ Nxc8 19. Ne1 f6 20. Bc7 Ne7 21. Kf1 Kf7 22. f3 Bc2 23. Nxc2 Nxc2 24. Kf2
Nc6 25. Bd1 N2b4 26. Ke2 e5 27. Bb6 Ke6 28. Kd2 {suite illisible} 1/2-1/2

[Event "20e tournoi de NoÃ«l"]
[Site "Montigny le Bretonneux"]
[Date "2019.12.30"]
[Round "7.3"]
[White "Imbert, Christophe"]
[Black "Chaintreau, Thomas"]
[Result "1/2-1/2"]
[WhiteElo "1955"]
[BlackElo "1565"]
[Annotator "Rivier,Sylvain"]
[PlyCount "115"]
[EventDate "2019.??.??"]

{DÃ©fense sicilienne, variante Najdorf} 1. e4 c5 2. Nf3 d6 3. d4 Nf6 4. Nc3
cxd4 5. Nxd4 Nc6 6. Be2 a6 7. O-O e5 8. Nf3 Be7 9. Bg5 Be6 10. Qd2 h6 11. Bxf6
Bxf6 12. Rfd1 Nd4 13. Nxd4 exd4 14. Nb1 Qb6 15. c3 Bg5 16. Qc2 dxc3 17. Nxc3
O-O 18. Na4 Qb4 19. b3 Rac8 20. Qd3 Rc6 21. Bf3 Bf6 22. e5 Bxe5 23. Bxc6 Bxa1
24. Bxb7 Qxb7 25. Rxa1 Qc6 26. Rd1 Rc8 27. h3 d5 28. Qd4 Qc2 29. Qd2 Rc6 30.
Nb2 Qe4 31. Nd3 Bxh3 32. f3 Qd4+ 33. Qf2 Qxf2+ 34. Kxf2 Be6 35. Rd2 a5 36. Ke3
Kf8 37. Kd4 Ke7 38. f4 g6 39. g4 f6 40. g5 h5 41. Rg2 Bf5 42. gxf6+ Kxf6 43.
Nc5 Be4 44. Nxe4+ dxe4 45. Kxe4 Rc5 46. Rh2 Rb5 47. Rc2 h4 48. Kf3 g5 49. Kg4
gxf4 50. Rc6+ Ke5 51. Rc8 Ke4 52. Re8+ Re5 53. Rf8 Ke3 54. Rxf4 Re4 55. Rxe4+
Kxe4 56. Kxh4 Kd4 57. a3 Kc3 58. b4 1/2-1/2

[Event "20e tournoi de NoÃ«l"]
[Site "Montigny le Bretonneux"]
[Date "2019.12.30"]
[Round "7.4"]
[White "Benbakir, Chouaib"]
[Black "Fruchard, Alois"]
[Result "1-0"]
[WhiteElo "1864"]
[BlackElo "1404"]
[Annotator "Rivier,Sylvain"]
[PlyCount "93"]
[EventDate "2019.??.??"]

{DÃ©fense Pirc, attaque autrichienne} 1. e4 d6 2. d4 Nf6 3. Nc3 g6 4. f4 Bg7 5.
Nf3 O-O 6. Be2 Bg4 7. O-O Nc6 8. Be3 e5 9. fxe5 Bxf3 10. Rxf3 dxe5 11. d5 Nb8
12. Qd2 Qd6 13. Raf1 Nbd7 14. Rh3 Nc5 15. Bf3 h5 16. Qf2 Ng4 17. Bxg4 hxg4 18.
Bxc5 Qd7 19. Rd3 Rfd8 20. Be3 Qe7 21. Ne2 b6 22. c4 c5 23. Nc3 a6 24. Qd2 Rd6
25. Bh6 Bf6 26. Be3 Kg7 27. Qf2 Rh8 28. Na4 Qd8 29. b4 cxb4 30. Bxb6 Qe8 31. c5
Rxb6 32. Nxb6 Bh4 33. g3 Bd8 34. Nc4 Qb5 35. Qxf7+ Kh6 36. Nxe5 Qxc5+ 37. Kg2
Qd6 38. Qf4+ Kg7 39. Nf7 Qxf4 40. Rxf4 g5 41. Rf1 Rf8 42. Nxd8 Rxd8 43. e5 a5
44. e6 Re8 45. d6 Rxe6 46. d7 Re2+ 47. Rf2 1-0

[Event "20e tournoi de NoÃ«l"]
[Site "Montigny le Bretonneux"]
[Date "2019.12.30"]
[Round "7.5"]
[White "Sondermeijer, Damien"]
[Black "De Lagontrie, Jean"]
[Result "1/2-1/2"]
[WhiteElo "1503"]
[BlackElo "1699"]
[Annotator "Rivier,Sylvain"]
[PlyCount "129"]
[EventDate "2019.??.??"]

{DÃ©fense sicilienne, variante Rossolimo} 1. e4 c5 2. Nf3 Nc6 3. Bb5 g6 4. O-O
Bg7 5. c3 e5 6. Na3 Nge7 7. Nc2 O-O 8. d4 cxd4 9. cxd4 Nxd4 10. Ncxd4 exd4 11.
Nxd4 Qb6 12. Be3 Bxd4 13. Qxd4 Qxd4 14. Bxd4 Nc6 15. Bf6 Re8 16. Rfe1 Re6 17.
e5 Nd4 18. Ba4 b5 19. Rad1 bxa4 20. Rxd4 Rb8 21. Rc1 a6 22. Rb4 Ra8 23. h3 h6
24. Rc7 Rc6 25. Rxc6 dxc6 26. Rxa4 Be6 27. a3 Kf8 28. Rb4 c5 29. Rh4 Ke8 30.
Rxh6 Kd7 31. Rh8 Rxh8 32. Bxh8 Kc6 33. Kf1 Kb5 34. Ke1 Kc4 35. Kd2 Kb3 36. Kc1
c4 37. Bf6 c3 38. bxc3 Kxc3 39. Kd1 Kd3 40. Ke1 Bc4 41. h4 Bd5 42. Kf1 Bc6 43.
f3 Ke3 44. Bg5+ Kd4 45. Bf4 Bb5+ 46. Kf2 Bd3 47. g4 Bc2 48. h5 gxh5 49. gxh5
Kd5 50. Kg3 Ke6 51. Kg4 f6 52. exf6 Kxf6 53. Bg5+ Ke6 54. f4 Bf5+ 55. Kh4 Bh7
56. Bd8 Kf5 57. Bc7 Bg8 58. Be5 Bh7 59. h6 Bg6 60. Kg3 Bh7 61. Kf3 Ke6 62. Ke3
Kd5 63. Kf3 Ke6 64. Kg3 Kf5 65. Kf3 1/2-1/2

[Event "20e tournoi de Noël"]
[Site "Montigny le Bretonneux"]
[Date "2019.12.30"]
[Round "7.6"]
[White "Claisse, Patrick"]
[Black "Delmas-Goyon, Francois"]
[Result "1/2-1/2"]
[WhiteElo "1742"]
[BlackElo "1916"]
[Annotator "Rivier,Sylvain"]
[PlyCount "62"]
[EventDate "2019.??.??"]

{Défense sicilienne, variante Taïmanov} 1. e4 c5 2. Nf3 e6 3. d4 cxd4 4. Nxd4
Nc6 5. Be3 Qc7 6. c3 a6 7. Nd2 b5 8. Nxc6 Qxc6 9. Bd3 Bb7 10. f3 Bc5 11. Qe2
Ne7 12. O-O O-O 13. Nb3 Bb6 14. Bxb6 Qxb6+ 15. Qf2 Qc7 16. a4 Bc6 17. axb5 Bxb5
18. Bxb5 axb5 19. Qc5 Qxc5+ 20. Nxc5 d5 21. exd5 Nxd5 22. Nd3 Rfb8 23. Kf2 Kf8
24. Ke2 Ke7 25. Kd2 Kd6 26. Rfe1 Nb6 27. b3 Nd5 28. c4 bxc4 29. bxc4 Ne7 30.
Kc3 Nc6 31. Reb1 Rxb1 1/2-1/2

[Event "20e tournoi de NoÃ«l"]
[Site "Montigny le Bretonneux"]
[Date "2019.12.30"]
[Round "7.7"]
[White "Verat-Fayolle, Celian"]
[Black "Sanchez-Narboni, Quentin"]
[Result "1/2-1/2"]
[WhiteElo "1881"]
[BlackElo "1352"]
[Annotator "Rivier,Sylvain"]
[PlyCount "78"]
[EventDate "2019.??.??"]

{DÃ©fense franÃ§aise, variante d'avance} 1. e4 e6 2. d4 d5 3. e5 c5 4. c3 Ne7
5. Na3 Nec6 6. Nc2 b6 7. Nf3 Be7 8. b3 O-O 9. Bd3 Ba6 10. c4 dxc4 11. bxc4 cxd4
12. h4 Qc7 13. Bf4 Rd8 14. Ng5 Bxg5 15. Bxh7+ Kf8 16. hxg5 Bxc4 17. Bd3 Bxd3
18. Qxd3 Nxe5 19. Qa3+ Kg8 20. Qh3 Kf8 21. Qg3 Nd3+ 22. Qxd3 Qxf4 23. Rh8+ Ke7
24. Rxd8 Kxd8 25. Nxd4 Qe5+ 26. Kf1 Ke8 27. Re1 Qd5 28. Qc3 Nd7 29. g6 Nf8 30.
gxf7+ Kxf7 31. Qc7+ Kg8 32. Nf3 Qd8 33. Qf4 Ng6 34. Qg4 Qd3+ 35. Kg1 Qf5 36.
Qc4 Re8 37. Nd4 Qf7 38. Rxe6 Rxe6 39. Qxe6 Qxe6 1/2-1/2

[Event "20e tournoi de NoÃ«l"]
[Site "Montigny le Bretonneux"]
[Date "2019.12.30"]
[Round "7.8"]
[White "Fayolle, Guy"]
[Black "Duget, Long Jc"]
[Result "1-0"]
[WhiteElo "1676"]
[BlackElo "1733"]
[Annotator "Rivier,Sylvain"]
[PlyCount "44"]
[EventDate "2019.??.??"]

{DÃ©fense sicilienne, fianchetto accÃ©lÃ©rÃ©} 1. e4 c5 2. Nf3 g6 3. d4 cxd4 4.
Nxd4 Nc6 5. Be3 Bg7 6. Nc3 Nf6 7. Qd2 d5 8. Nxc6 bxc6 9. exd5 Nxd5 10. Nxd5
Qxd5 11. Qxd5 cxd5 12. Bb5+ Bd7 13. Bxd7+ Kxd7 14. O-O-O Kc6 15. f4 Rab8 16.
Bd4 Bh6 17. g3 a5 18. Rd3 Rb7 19. Re1 e6 20. Bc3 Kd7 21. Be5 Bf8 22. g4 Bb4 {
suite illisible} 1-0

[Event "20e tournoi de NoÃ«l"]
[Site "Montigny le Bretonneux"]
[Date "2019.12.30"]
[Round "7.9"]
[White "Saint-Leger, Stephane"]
[Black "Surugue, Philippe"]
[Result "0-1"]
[WhiteElo "1610"]
[BlackElo "1867"]
[Annotator "Rivier,Sylvain"]
[PlyCount "106"]
[EventDate "2019.??.??"]

{Gambit dame refusÃ©} 1. d4 d5 2. Nf3 e6 3. g3 c5 4. c4 dxc4 5. Qa4+ Bd7 6.
Qxc4 b5 7. Qc2 c4 8. Bg2 Bc6 9. O-O Nf6 10. Nbd2 Be7 11. b3 cxb3 12. axb3 O-O
13. Bb2 Qb6 14. e4 Qb7 15. Ne5 Be8 16. Rac1 Bd7 17. Qc7 Qxc7 18. Rxc7 Bd8 19.
Rc2 Bb6 20. Rfc1 Re8 21. Nd3 Na6 22. Nc5 Bxc5 23. dxc5 Nb4 24. c6 Bc8 25. Rc5
Nd3 26. Be5 a6 27. Bd6 Nxc1 28. Rxc1 e5 29. Rc5 Rd8 30. Bxe5 Rxd2 31. h3 Rd1+
32. Kh2 Rb1 33. Rc3 Be6 34. Rd3 Rxb3 35. Rd4 h5 36. c7 Rc8 37. f4 Nd7 38. Bd6
g6 39. e5 Rb2 40. Kg1 Rb1+ 41. Kf2 Rb2+ 42. Kf1 Rxg2 43. Kxg2 a5 44. g4 hxg4
45. hxg4 b4 46. Kg3 Nb6 47. Bxb4 axb4 48. Rxb4 Nd7 49. Rb7 Kf8 50. Kh4 Ke7 51.
Kg5 Nc5 52. Ra7 Ne4+ 53. Kh4 Rh8# 0-1

[Event "20e tournoi de Noël"]
[Site "Montigny le Bretonneux"]
[Date "2019.12.30"]
[Round "7.10"]
[White "Artieres, Michel"]
[Black "Faris, Marouane"]
[Result "0-1"]
[WhiteElo "1741"]
[BlackElo "1563"]
[Annotator "Rivier,Sylvain"]
[PlyCount "64"]
[EventDate "2019.??.??"]

{Défense sicilienne, variante Najdorf} 1. e4 c5 2. Nf3 d6 3. d4 cxd4 4. Nxd4
Nf6 5. Nc3 a6 6. Be3 e5 7. Nb3 Be6 8. Bd3 Be7 9. O-O b5 10. h3 O-O 11. f4 Nc6
12. f5 Bc4 13. Bxc4 bxc4 14. Nd2 Na5 15. b4 cxb3 16. axb3 Qc7 17. Na4 Qc6 18.
Nb6 Rab8 19. Rxa5 Rxb6 20. Qa1 Rb7 21. Rxa6 Qxc2 22. Qa4 Qd3 23. Re1 d5 24. Ra8
h6 25. Rxf8+ Bxf8 26. Qa8 Rb5 27. Qc6 d4 28. Bf2 Rc5 29. Qb7 Qxd2 30. Ra1 Rc1+
31. Rxc1 Qxc1+ 32. Kh2 d3 0-1

[Event "20e tournoi de NoÃ«l"]
[Site "Montigny le Bretonneux"]
[Date "2019.12.30"]
[Round "7.11"]
[White "Vadillo, Torre Ismael"]
[Black "Sondermeijer, Antoine"]
[Result "1-0"]
[WhiteElo "1633"]
[BlackElo "1482"]
[Annotator "Rivier,Sylvain"]
[PlyCount "120"]
[EventDate "2019.??.??"]

{Partie du pion dame} 1. d4 d5 2. Nf3 Nf6 3. Bf4 e6 4. e3 Be7 5. Bd3 O-O 6. O-O
Nbd7 7. Nbd2 h6 8. h3 b6 9. c4 c5 10. cxd5 Nxd5 11. Bh2 cxd4 12. Nxd4 N7f6 13.
Nc6 Qe8 14. Bb5 a6 15. Nxe7+ Qxe7 16. Bc6 Bb7 17. Bxb7 Qxb7 18. Nc4 Rfd8 19.
Qf3 Qe7 20. e4 Qb4 21. b3 b5 22. Nd6 Rxd6 23. Bxd6 Qxe4 24. Qxe4 Nxe4 25. Bh2
b4 26. Rfc1 Nec3 27. Rc2 f6 28. Bd6 a5 29. a4 Rd8 30. Bg3 Kf7 31. Re1 g5 32.
Kf1 Rd7 33. f3 Rd8 34. Bf2 h5 35. Rd2 Rc8 36. Rc1 Ne4 37. Rdc2 Nd2+ 38. Ke1
Rxc2 39. Rxc2 Nxb3 40. Rb2 Nc1 41. Kd2 Nc3 42. Kxc1 Nxa4 43. Ra2 Nc3 44. Rxa5
h4 45. Ra7+ Kg6 46. Bc5 Nd5 47. Kd1 Nf4 48. Ra2 b3 49. Rd2 Kf5 50. Kc1 Nd5 51.
Kb2 Kf4 52. Kxb3 Kf5 53. Kc4 Nf4 54. Bd6 Ng6 55. Kc5 Nf4 56. Bxf4 Kxf4 57. Re2
Kf5 58. Re4 Kg6 59. Kd6 Kf5 60. Rxe6 Kf4 {suite illisible} 1-0